Asedio a Cardoza
Wedi'i Gadw mewn:
| Prif Awdur: | |
|---|---|
| Fformat: | Llyfr |
| Iaith: | Undetermined |
| Cyhoeddwyd: |
Guatemala
La Real Academia
1995
|
| Pynciau: | |
| Tagiau: |
Ychwanegu Tag
Dim Tagiau, Byddwch y cyntaf i dagio'r cofnod hwn!
|
MARC
| LEADER | 00000nam a2200000Ia 4500 | ||
|---|---|---|---|
| 008 | 170316s9999 xx 000 0 und d | ||
| 040 | |a cru BVZT | ||
| 090 | |a 860 M-12.1a | ||
| 100 | |a Mejía, Marco Vinicio | ||
| 245 | |a Asedio a Cardoza | ||
| 260 | |a Guatemala | ||
| 260 | |b La Real Academia | ||
| 260 | |c 1995 | ||
| 300 | |a 172 páginas | ||
| 650 | |a LITERATURA LATINOAMERICANA | ||
| 999 | |c 8911 |d 8911 | ||
| 942 | |c 15 D |h 860 M-12.1a |2 z | ||
